Yi de ji, (Record no. 12739)
[ view plain ]
| 000 -LEADER | |
|---|---|
| fixed length control field | 00807cam a22002531 4500 |
| 001 - CONTROL NUMBER | |
| control field | c 61001784 |
| 003 - CONTROL NUMBER IDENTIFIER | |
| control field | DLC |
| 005 - DATE AND TIME OF LATEST TRANSACTION | |
| control field | 20260227111033.0 |
| 008 - FIXED-LENGTH DATA ELEMENTS--GENERAL INFORMATION | |
| fixed length control field | 040409s1961 cc 000 0 chi |
| 010 ## - LIBRARY OF CONGRESS CONTROL NUMBER | |
| LC control number | c 61001784 |
| 035 ## - SYSTEM CONTROL NUMBER | |
| System control number | (CStRLIN)DCLP04-B6495 |
| 040 ## - CATALOGING SOURCE | |
| Original cataloging agency | DLC |
| Transcribing agency | MiU |
| Modifying agency | MoSW |
| -- | NIC |
| -- | CStRLIN |
| -- | NIC |
| -- | DLC-R |
| -- | DLC |
| 050 00 - LIBRARY OF CONGRESS CALL NUMBER | |
| Classification number | PL2862.U25 |
| Item number | I2 |
| 066 ## - CHARACTER SETS PRESENT | |
| Alternate G0 or G1 character set | $1 |
| 100 1# - MAIN ENTRY--PERSONAL NAME | |
| Linkage | 880-01 |
| Personal name | Xu, Su, |
| Dates associated with a name | 1924-1981. |
| 245 10 - TITLE STATEMENT | |
| Linkage | 880-02 |
| Title | Yi de ji, |
| Statement of responsibility, etc. | Xu Su zhu. |
| 260 ## - PUBLICATION, DISTRIBUTION, ETC. | |
| Linkage | 880-03 |
| Place of publication, distribution, etc. | Jiulong, |
| Name of publisher, distributor, etc. | Gao yuan chu ban she, |
| Date of publication, distribution, etc. | 1961. |
| 300 ## - PHYSICAL DESCRIPTION | |
| Extent | 198 p. |
| Dimensions | 19 cm. |
| 440 #0 - SERIES STATEMENT/ADDED ENTRY--TITLE | |
| Linkage | 880-04 |
| Title | Zhongguo dang dai wen yi cong shu |
| 880 1# - ALTERNATE GRAPHIC REPRESENTATION | |
| Linkage | 100-01/$1 |
| a | 徐速, |
| d | 1924-1981. |
| 880 10 - ALTERNATE GRAPHIC REPRESENTATION | |
| Linkage | 245-02/$1 |
| a | 一得集 |
| c | 徐速著. |
| 880 ## - ALTERNATE GRAPHIC REPRESENTATION | |
| Linkage | 260-03/$1 |
| a | 九龍, |
| b | 高原出版社, |
| c | 1961. |
| 880 #0 - ALTERNATE GRAPHIC REPRESENTATION | |
| Linkage | 440-04/$1 |
| a | 中國當代文藝叢書 |
No items available.